<?xml version="1.0" encoding="UTF-8"?>
<record
    xmlns:xsi="http://www.w3.org/2001/XMLSchema-instance"
    xsi:schemaLocation="http://www.loc.gov/MARC21/slim http://www.loc.gov/standards/marcxml/schema/MARC21slim.xsd"
    xmlns="http://www.loc.gov/MARC21/slim">

  <leader>00878nam0a2200241   4500</leader>
  <controlfield tag="001">RU\NLR\BIBL_A\011345674</controlfield>
  <controlfield tag="005">20260406072612.0</controlfield>
  <datafield tag="035" ind1=" " ind2=" ">
    <subfield code="a">(NLR Aleph) 011345674</subfield>
  </datafield>
  <datafield tag="090" ind1=" " ind2=" ">
    <subfield code="a">11216498</subfield>
    <subfield code="c">11216498</subfield>
  </datafield>
  <datafield tag="100" ind1=" " ind2=" ">
    <subfield code="a">20170314d1968    |||y0rusy50      ca</subfield>
  </datafield>
  <datafield tag="101" ind1="0" ind2=" ">
    <subfield code="a">alt</subfield>
  </datafield>
  <datafield tag="102" ind1=" " ind2=" ">
    <subfield code="a">RU</subfield>
  </datafield>
  <datafield tag="105" ind1=" " ind2=" ">
    <subfield code="a">y   z   000 y</subfield>
  </datafield>
  <datafield tag="200" ind1="1" ind2=" ">
    <subfield code="a">&#x411;&#x430;&#x448;&#x442;&#x430;&#x43F;&#x43A;&#x44B; &#x430;&#x43B;&#x442;&#x430;&#x43C;&#x434;&#x430;&#x440;</subfield>
    <subfield code="f">&#x418;. &#x428;&#x43E;&#x434;&#x43E;&#x435;&#x432;</subfield>
  </datafield>
  <datafield tag="210" ind1=" " ind2=" ">
    <subfield code="a">&#x413;&#x43E;&#x440;&#x43D;&#x43E;-&#x410;&#x43B;&#x442;&#x430;&#x439;&#x441;&#x43A;</subfield>
    <subfield code="c">&#x410;&#x43B;&#x442;. &#x431;&#x438;&#x447;&#x438;&#x43A;&#x442;&#x435;&#x440; &#x447;&#x44B;&#x433;. &#x438;&#x437;&#x434;. &#x422;&#x443;&#x443;&#x43B;&#x443; &#x410;&#x43B;&#x442;. &#x431;&#x4E7;&#x43B;&#x4F1;&#x433;&#x438;</subfield>
    <subfield code="d">1968</subfield>
  </datafield>
  <datafield tag="215" ind1=" " ind2=" ">
    <subfield code="a">30,[2] &#x441;.</subfield>
    <subfield code="d">17</subfield>
  </datafield>
  <datafield tag="541" ind1="1" ind2=" ">
    <subfield code="a">&#x41F;&#x435;&#x440;&#x432;&#x44B;&#x435; &#x448;&#x430;&#x433;&#x438;</subfield>
    <subfield code="e">&#x434;&#x43B;&#x44F; &#x434;&#x435;&#x442;&#x435;&#x439; &#x43C;&#x43B;. &#x448;&#x43A;. &#x432;&#x43E;&#x437;&#x440;&#x430;&#x441;&#x442;&#x430;</subfield>
  </datafield>
  <datafield tag="686" ind1="1" ind2=" ">
    <subfield code="a">&#x428;9(2)6=&#x410;&#x43B;&#x442;-4</subfield>
  </datafield>
  <datafield tag="700" ind1=" " ind2="1">
    <subfield code="4">070</subfield>
    <subfield code="7">ca</subfield>
    <subfield code="8">rus</subfield>
    <subfield code="a">&#x428;&#x43E;&#x434;&#x43E;&#x435;&#x432;</subfield>
    <subfield code="b">&#x418;. &#x412;.</subfield>
    <subfield code="f">1914-2006</subfield>
    <subfield code="g">&#x418;&#x432;&#x430;&#x43D; &#x412;&#x430;&#x441;&#x438;&#x43B;&#x44C;&#x435;&#x432;&#x438;&#x447;</subfield>
    <subfield code="3">RU\NLR\auth-onl\77321</subfield>
    <subfield code="9">130379</subfield>
  </datafield>
  <datafield tag="852" ind1=" " ind2=" ">
    <subfield code="a">NLR</subfield>
    <subfield code="b">&#x41E;&#x41D;&#x41B;</subfield>
    <subfield code="j">&#x410;&#x43B;&#x442;./2-676</subfield>
  </datafield>
  <datafield tag="942" ind1=" " ind2=" ">
    <subfield code="c">BOOK</subfield>
  </datafield>
  <datafield tag="980" ind1=" " ind2=" ">
    <subfield code="a">NB</subfield>
  </datafield>
  <datafield tag="995" ind1=" " ind2=" ">
    <subfield code="5">2017-03-14</subfield>
    <subfield code="b">NLR01</subfield>
    <subfield code="c">NLR01</subfield>
    <subfield code="e">ONL</subfield>
    <subfield code="f">1-1444270</subfield>
    <subfield code="k">&#x41E;&#x41D;&#x41B; &#x410;&#x43B;&#x442;./2-676</subfield>
    <subfield code="o">0</subfield>
    <subfield code="r">BOOK</subfield>
    <subfield code="s">_2676</subfield>
  </datafield>
</record>
